LEADER 01354nam a2200301 u 4500 001 000000077098 003 CaOOAMICUS 005 20070226123301.0 008 040119s2003 it a u000 u ita u 020 $a8845907554 035 $a10981298 040 $aPUL$bita 041 1 $aita$heng 100 1 $aHofstadter, Douglas R.,$d1945-$0(OLS)http://pul/name/51311 240 10$aGödel, Escher, Bach : an eternal golden braid.$lItaliano.$0(OLS)http://pul/title/101047 245 10$aGödel, Escher, Bach : un'eterna ghirlanda brillante :$buna fuga metaforica su menti e macchine nello spirito di Lewis Carroll /$cDouglas R. Hofstadter. 250 $a8a. ed. 260 $aMilano :$bAdelphi,$c2003. 300 $axxvii, 852 p. :$bill. ;$c25 cm 490 1 $aGli Adelphi ;$v12 500 $aContiene indici. 830 4$aGli Adelphi ;$v12.$0(OLS)http://pul/title/101049 850 $aPUL 852 $aPUL$W1$xDP1 Filosofia 1$y19$m743 C 26$j99030$nBK-PRI$b $qStampati$B99030$CPULBib$Z2$F99030 $HPUL92265 $81 941 1 $a8 996 $6020$a8845907554$9(OLS)http://pul/number/101086 996 $6245$aGödel, Escher, Bach : un'eterna ghirlanda brillante :$buna fuga metaforica su menti e macchine nello spirito di Lewis Carroll$9(OLS)http://pul/title/101048 996 $6260$aMilano :$bAdelphi$9(OLS)http://pul/publisher/51018 LEADER 01736nam a2200373 a 4500 001 000000176136 003 CaOOAMICUS 005 20230914155620.0 008 230914s2022 it u000 u ita r 020 $a978-88-13-38053-3* 032 $aLibriCat 040 $aPUL$bita 084 $a344. 4505 100 1 $aIlluminati, Giulio,$d1946-$0(OLS)http://pul/name/88153 245 10$aCommentario breve al Codice di procedura penale. Complemento giurisprudenziale : $bappendice di aggiornamento 2022 /$cGiulio Illuminati, Livia Giuliani. 250 $a12. ed. 260 $aMilano :$bCEDAM ;$aMilano :$bWolters Kluwer,$c2022. 300 $aXXII, 440 p. ;$c22 cm 490 1 $aBreviaria Iuris ;$v6 500 $aComprende indici. 500 $aTesto su due colonne. 500 $aIn testa al frontespizio: Giovanni Conso, Vittorio Grevi, fondatori dell'Opera. 650 4$aProcedura penale$zItalia.$0(OLS)http://pul/subject/12686 700 1 $aGiuliani, Livia,$d1966-$0(OLS)http://pul/name/84262 830 0$aBreviaria Iuris ;$v6.$0(OLS)http://pul/title/8521 850 $aPUL 852 $aPUL$W1$xSL Diritto e Scienze Sociali 3$y79$m348. 45 COD 1.1.97$j200298$qDDC 21$B205081$CPULBib$Z2$F205081 $H176136 $82 941 1 $a9 996 $6020$a978-88-13-38053-3*$9(OLS)http://pul/number/169326 996 $6084$a344. 4505$9(OLS)http://pul/classification/3440 996 $6245$aCommentario breve al Codice di procedura penale. Complemento giurisprudenziale : $bappendice di aggiornamento 2022$9(OLS)http://pul/title/217639 996 $6260$aMilano :$bCEDAM$9(OLS)http://pul/publisher/69810 996 $6260$aMilano :$bWolters Kluwer$9(OLS)http://pul/publisher/87159